Nuestro planeta, nuestra salud /

Guardado en:
Autor Principal: Organizacion Panamericana De La Salud Washington
Formato: Libro
Publicado: Washington : Organizaci¢n Panamericana de la Salud, 0
Etiquetas: Agregar Etiqueta
Sin Etiquetas, Sea el primero en etiquetar este registro!
LEADER 00460nam a22001455a 4500
001 CEM.cems010311
005 20060214000000.0
008 130507b######################000#0#####d
003 CEMS
082 0 4 |a F574.5 
100 1 |a Organizacion Panamericana De La Salud Washington 
245 1 0 |a Nuestro planeta, nuestra salud / 
260 |a Washington :  |b Organizaci¢n Panamericana de la Salud, 0 
300 |a 41 p.1 
859 |a CEMS  |b BIB. CEMS - 11 de abril  |h F574.5  |i 28  |p 1693.44  |t Ej.1